00510nam a22001577a 450000500170000001000150001702000260003203500140005803700130007208200110008510000240009624501000012026000450022027000620026530000250032720220923115522.0 aENG-135197 a9780199468249c695.00 aEN-118729 bDBAD/PUB a297.72 aShiekh, Mona Kanwal aGuardians of god :bInside the religious mind of the pakistani taliban /cby Mona Kanwal Shiekh aNew DelhibOxford University Pressc2016 aYMCA Library Building, 1 Jai Singh Road, New Delhi-110001 axxiv,212pc23cm.(Hb)